Pinocho (Registro nro. 9395)

Detalles MARC
000 -LIDER
fixed length control field 00650nam a22002417a 4500
001 - NÚMERO DE CONTROL
Identificador de número de control 000204
003 - IDENTIFICACDOR DE NÚMERO DE CONTROL
control field DO-SdBPM
005 - DATE AND TIME OF LATEST TRANSACTION
control field 20250521120651.0
007 - CAMPOS FIJOS DE DESCRIPCIÓN FÍSICA
fixed length control field 000204
008 - ELEMENTOS DE LONGITUD FIJA
fixed length control field 151210b 2004 sp a 00| 0 spa d
020 ## - ISBN
International Standard Book Number 8424186060
040 ## - FUENTE DE CATALOGACIÓN
Agencia que crea de manera original el registro DO-SdBPM
Idioma de catalogación spa
Agencia que realiza la transcripción BPMSU
082 #4 - NÚMERO DE CLASIFICACIÓN DECIMAL DE DEWEY
Classification number 808.83
Item number P657 2004
Edition number 22
245 00 - MENCIÓN DE TITULO
Título Pinocho
250 ## - MENCIÓN DE EDICION
Mención de edición 2a. ed.
260 ## - PUBLICACIÓN, DISTRIBUCIÓN, ETC. (PIE DE IMPRENTA)
Lugar de publicación, distribución, etc León, España ;
Nombre del editor, distribuidor, etc. Editorial Everest,
Fecha de publicación, distribución, etc 2004.
300 ## - DESCRIPCIÓN FÍSICA
Extensión [48] p.;
Otros detalles físicos il
Dimensiones 26 cm.
500 ## - NOTA GENERAL
Nota general A la cabeza del titulo: Disney
590 ## - NOTA LOCAL
Texto de la nota local Inventariado, 2025/VM
650 #4 - ENCABEZAMIENTO DE MATERIA--TEMÁTICO
Término temático o nombre geográfico como elemento de entrada Cuentos infantiles
Subdivisión de forma Colecciones
910 ## - VALIDACIÓN
Validación VMateo V. Control de calidad. BPMSU
942 ## - ADDED ENTRY ELEMENTS (KOHA)
Source of classification or shelving scheme Dewey Decimal Classification
Koha item type Libros
Existencias
Withdrawn status Lost status Source of classification or shelving scheme Damaged status Not for loan Collection code Home library Current library Date acquired Source of acquisition Total Checkouts Full call number Barcode Date last seen Price effective from Koha item type
    Dewey Decimal Classification     Colección Infantil General Biblioteca Pública Metropolitana Salomé Ureña Biblioteca Pública Metropolitana Salomé Ureña 03/28/2016 Donación   BPMSU CGI 808.83 P657 2004 BPMSU16030276 03/28/2016 03/28/2016 Libros